<?xml version="1.0" encoding="UTF-8"?><?xml-stylesheet type="text/xsl" href="static/style.xsl"?><OAI-PMH xmlns="http://www.openarchives.org/OAI/2.0/" xmlns:xsi="http://www.w3.org/2001/XMLSchema-instance" xsi:schemaLocation="http://www.openarchives.org/OAI/2.0/ http://www.openarchives.org/OAI/2.0/OAI-PMH.xsd"><responseDate>2026-04-17T14:12:34Z</responseDate><request verb="GetRecord" identifier="oai:www.recercat.cat:10230/54342" metadataPrefix="marc">https://recercat.cat/oai/request</request><GetRecord><record><header><identifier>oai:recercat.cat:10230/54342</identifier><datestamp>2025-12-21T18:06:21Z</datestamp><setSpec>com_2072_6</setSpec><setSpec>col_2072_452952</setSpec></header><metadata><record xmlns="http://www.loc.gov/MARC21/slim" xmlns:dcterms="http://purl.org/dc/terms/" xmlns:xsi="http://www.w3.org/2001/XMLSchema-instance" xmlns:doc="http://www.lyncode.com/xoai" xsi:schemaLocation="http://www.loc.gov/MARC21/slim http://www.loc.gov/standards/marcxml/schema/MARC21slim.xsd">
   <leader>00925njm 22002777a 4500</leader>
   <datafield ind2=" " ind1=" " tag="042">
      <subfield code="a">dc</subfield>
   </datafield>
   <datafield ind2=" " ind1=" " tag="720">
      <subfield code="a">Touhtou, Rachid</subfield>
      <subfield code="e">author</subfield>
   </datafield>
   <datafield ind2=" " ind1=" " tag="260">
      <subfield code="c">2022-10-11T06:19:52Z</subfield>
   </datafield>
   <datafield ind2=" " ind1=" " tag="260">
      <subfield code="c">2022-10-11T06:19:52Z</subfield>
   </datafield>
   <datafield ind2=" " ind1=" " tag="260">
      <subfield code="c">2021</subfield>
   </datafield>
   <datafield ind2=" " ind1=" " tag="520">
      <subfield code="a">Street youth groups (syg) in Morocco represent underground urban counterculture&#xd;
where “class conflict” is being fed by lack of opportunities to climb the social ladder.&#xd;
Indefinable and tormenting globalization (Montgomery, 2019; Wacquant, 2009) has&#xd;
psychologically and socially transformed youth into social “victims”/dreamers of a&#xd;
“modern” wellbeing. Social inequalities exacerbated by covid-19 pandemic produced&#xd;
new precarious youths at the margins of “patronaged” neoliberal policies implemented&#xd;
for buying social peace policies. In this context, this paper is based on an ethnographic&#xd;
research with “Tcharmil” Street youth in the neighborhood of Sidi Moussa in Sale,&#xd;
twin city of the Capital Rabat known for urban violence in substandard housing. In&#xd;
this paper, I argue that these “Mcharmlin” youth are resisting marginalization through&#xd;
invading streets and imposing their “subculture” as a “non-movement” (Bayat, 2013)&#xd;
against inequalities. These humans of Sidi Moussa who are young and poor, facing the&#xd;
Atlantic and far from the Capital about 30 minutes behind walled ancient city of Sale&#xd;
of Corsairs, dreaming of a stable life, job and respect from society, living in “Zanqa 0”.&#xd;
Youth refusing nothingness are invading streets which do not have even a name as&#xd;
all streets are numbered from 0 to 14. each narrow street faces the Atlantic either you&#xd;
escape, or you get stuck if you turn your back on the Atlantic.</subfield>
   </datafield>
   <datafield ind2=" " ind1=" " tag="520">
      <subfield code="a">This project has received funding from the European Research Council (erc)&#xd;
under the European Union’s horizon 2020 research and innovation programme under grant agreement No 742705</subfield>
   </datafield>
   <datafield tag="653" ind2=" " ind1=" ">
      <subfield code="a">marginalization</subfield>
   </datafield>
   <datafield tag="653" ind2=" " ind1=" ">
      <subfield code="a">street youth group</subfield>
   </datafield>
   <datafield tag="653" ind2=" " ind1=" ">
      <subfield code="a">Zanqa</subfield>
   </datafield>
   <datafield tag="653" ind2=" " ind1=" ">
      <subfield code="a">Houma</subfield>
   </datafield>
   <datafield tag="653" ind2=" " ind1=" ">
      <subfield code="a">Tcharmil</subfield>
   </datafield>
   <datafield tag="653" ind2=" " ind1=" ">
      <subfield code="a">Morocco</subfield>
   </datafield>
   <datafield ind2="0" ind1="0" tag="245">
      <subfield code="a">Street youth groups in Sidi Moussa/Morocco: the everyday resistance of precariousness</subfield>
   </datafield>
</record></metadata></record></GetRecord></OAI-PMH>